Electromagnetic wave propagation

Kaydedildi:
Detaylı Bibliyografya
Asıl Yazarlar: Dearholt, Donald W (Yazar), McSpadden, William R (Yazar)
Materyal Türü: Kitap
Dil:İngilizce
Baskı/Yayın Bilgisi: Nueva York McGraw-Hill 1973
Konular:
Etiketler: Etiketle
Etiket eklenmemiş, İlk siz ekleyin!

MARC

LEADER 00000nam a2200000 a 4500
001 UCU3618
003 CL-VaPUC
008 960510e19730000US |||||||||||||||||eng|d
082 0 4 |a 530.141  |b DEA  |2 21 
100 0 |a Dearholt, Donald W  |e author  |9 360661 
700 0 |a McSpadden, William R  |e author  |9 360662 
245 1 0 |a Electromagnetic wave propagation 
300 |a 454 p 
942 |c BK 
945 |d 19960510 00:00:00  |a paguirre 
260 |a Nueva York  |b McGraw-Hill  |c 1973 
650 0 |a Electromagnetismo   |9 260123 
650 0 |a Propagación de ondas  |9 263256 
650 7 |a CAMPOS MAGNETICOS  |2 CL-VaPUC  |9 360663 
650 0 |a Ondas de radio  |9 263255 
583 |a last modification  |c 19960510 00:00:00  |k Rodrigo Vera 
999 |c 247563  |d 247561 
952 |0 0  |1 0  |4 0  |6 530_141000000000000_DEA_1973  |7 0  |8 A  |9 263563  |a BIBING  |b BIBING  |d 2019-11-19  |i 1656090  |o 530.141 DEA 1973  |p 1656090  |r 2025-01-20  |w 2019-11-19  |y BK  |k EIE